Normal view MARC view
  • Electronic commerce

Entry Topical Term

Number of records used in: 1

001 - CONTROL NUMBER

  • control field: 124

003 - CONTROL NUMBER IDENTIFIER

  • control field: OSt

005 - DATE AND TIME OF LATEST TRANSACTION

  • control field: 20170413122047.0

008 - FIXED-LENGTH DATA ELEMENTS

  • fixed length control field: 170413|| aca||aabn | a|a d

040 ## - CATALOGING SOURCE

  • Original cataloging agency: OSt
  • Transcribing agency: OSt

150 ## - HEADING--TOPICAL TERM

  • Topical term or geographic name entry element: Electronic commerce
  • Geographic subdivision: Malaysia
  • General subdivision: Addresses, essays, lectures

670 ## - SOURCE DATA FOUND

  • Source citation: Work cat.: (OSt)0: Mahathir Mohamad, Tun, 1925- 41, Regional cooperation and the digital economy /, 2000
Pusat Sumber Maklumat Dato' Haji Sarmin Md Hussin, Akademi Kastam Diraja Malaysia, Melaka
Tel: 06-2331106 | Faks: 06-2313787